| 000 | 01202nam a22003497a 4500 | ||
|---|---|---|---|
| 003 | CHAP | ||
| 005 | 20220329143450.0 | ||
| 008 | 091113s1984 mx r 00010 spa d | ||
| 010 | _a97066 | ||
| 011 | _a98038 | ||
| 020 | _a9681616227 | ||
| 035 | _a108714 | ||
| 040 | _cCHAP | ||
| 082 | 0 | 4 |
_a302.23 _bSm51 |
| 100 | 1 |
_aSmith, Anthony _9106954 |
|
| 245 | 1 | 3 |
_aLa política de la información : _bproblemas de política en los medios de información modernos _c/por Anthony Smith |
| 260 |
_aMéxico : _bFCE, _c1984 |
||
| 300 | _a382 p. | ||
| 490 | 0 |
_aColección popular _v; 271 |
|
| 534 |
_pTít. original : _tThe politics of information : problems of policy in modern media |
||
| 590 |
_aBATCH-UPD _b10 _c20130110 _lUCH01 _h1159 |
||
| 590 |
_aBATCH-UPD _b10 _c20130410 _lUCH01 _h0741 |
||
| 590 |
_aBATCH-UPD _b10 _c20130914 _lUCH01 _h1005 |
||
| 590 |
_aCONVERSION _b10 _c20130109 _lUCH01 _h1354 |
||
| 650 | 1 | 4 |
_aComunicación, teoría de la. _926242 |
| 650 | 1 | 4 |
_aComunicación _926206 |
| 650 | 1 | 4 |
_aMedios masivos de comunicación. _974123 |
| 830 | 0 |
_aColección popular _v; 271 _924953 |
|
| 901 | _aBK | ||
| 942 | _cLIBRO | ||
| 949 |
_a302.23 Sm51 _bBC _cLIBRO _d33724002132587 _eLIBRO _h111309 _i108714 _sb |
||
| 999 |
_c97066 _d97066 |
||